Представление документа в формате MARC21

Поле Инд. ПП Название Значение
Тип записи a
Библиографический уровень m
001 Контрольный номер 5121fde9-bbbd-4cf0-9cb6-f45a3b01203d
005 Дата корректировки 20140703145009.1
008 Кодируемые данные 020904
020 c Цена, тираж б/ц
040 a Служба первич. каталог. НБ ТвГУ
041 a Код языка текста rus
080 a Индекс УДК 811.112.2'367.623(043.3)
084 a Индекс другой классификации/Индекс ББК Ш143.24-212.2я031
a Индекс другой классификации/Индекс ББК Ш143.24-32я031
090 x Авторский знак С19
a Полочн. индекс Ш143.24
100 1_ a Автор Сапожникова Лариса Михайловна
245 10 a Заглавие Структура и семантика отонимических прилагательных в современном немецком языке
b Продолж. заглавия автореф. дис. ... канд. филол. наук : 10.02.04
c Ответственность Моск. гос. ун-т иностр. яз. им. Мориса Тореза, [Калинин. гос. ун-т, Каф. нем. яз.]
260 1_ a Место издания Москва
c Дата издания 1989
300 a Объем 17 с.
500 a Примечание На правах рукоп.
504 a Библиография Библиогр. в конце кн.
583 a Действие Получение впервые 252 03.07.2006
650 a Основная рубрика Немецкий язык
x Основная подрубрика Грамматика
x Основная подрубрика Части речи
x Основная подрубрика Семантика
650 a Основная рубрика Прилагательное в немецком языке
653 a Ключевые слова Немецкий язык
a Ключевые слова Грамматика немецкого языка
a Ключевые слова Части речи
a Ключевые слова Прилагательное в немецком языке
a Ключевые слова Семантика
a Ключевые слова Отонимические прилагательные
a Ключевые слова Авторефераты
852 t Порядковый номер экземпляра 1
p Инвентарный номер б/н
888 a Бесплатные
930 a Новая/Ретро авторефераты
952 p 252.2006 б/ц 1 б/н
c Вид литературы А/Р н
954 a Дата поступления на обработку 20060816
999 a Подразделение 2 ч.з.